000 00619nam a2200229Ia 4500
005 20250425162344.0
008 250425s9999 xx 000 0 und d
020 _a0133342514
041 _aeng
082 _a629.89
100 _aJAMSHIDI, M.
245 0 _aFUZZY LOGIC AND CONTROL: SOFTWARE AND HARDWARE APPLICATIONS
250 _a1ST ED.
260 _aEstados Unidos
_bPRENTICE-HALL
_c1993
260 _aUPPER SADDLE RIVER
300 _a397
650 _aLOGICA DIFUSA (FUZZY LOGIC)
650 _aPROGRAMAS DE APLICACION
650 _aSISTEMAS DE CONTROL INTELIGENTES
942 _c01
010 _a65217
999 _c227555
_d227555